| 000 | 00466nam a2200169 i 4500 | ||
|---|---|---|---|
| 001 | 90481 | ||
| 003 | ES-MaACL | ||
| 005 | 20230906180445.0 | ||
| 007 | t| | ||
| 008 | 050121s1911 fr ||||1| fre d | ||
| 100 | 1 |
_aLegrand, M. A. _971298 |
|
| 245 | 1 | 3 |
_aLa longevité à travers les âges / _cM.A. Legrand. |
| 260 |
_aParis : _bErnest Flammarion, _c1911 ( _fHemmerlé) |
||
| 300 |
_a307 p. ; _c19 cm. |
||
| 650 | 0 | 4 |
_aLongevidad. _914705 |
| 852 |
_aES-MaACL _jF-6129 |
||
| 999 |
_c90481 _d90481 |
||